000 00457nam a2200181Ia 4500
005 20250423095721.0
008 250422s9999 xx 000 0 und d
020 _a0-13-464677-0
050 _aT 58.6 .L86413/
100 _aMats Lundeberg
245 0 _aInformation Systems Devt. (A Systematic Approach)
260 _aUSA
260 _bPrentice-Hall, Inc., Englewood Cliffs
260 _c1981
300 _a337 p
650 _asciences
942 _cBK
999 _c31119
_d31119